Precast concrete is the dominant form of cladding in Northern Europe (Record no. 77158)

MARC details
000 -LEADER
fixed length control field 00952cab a2200229 4500
001 - CONTROL NUMBER
control field ##L133691
008 - FIXED-LENGTH DATA ELEMENTS--GENERAL INFORMATION
fixed length control field 060602n2006 000 0 eng u
035 ## - SYSTEM CONTROL NUMBER
System control number (Sirsi) u133691
041 0# - LANGUAGE CODE
Language code of text/sound track or separate title eng
100 1# - MAIN ENTRY--PERSONAL NAME
Personal name Bennett, David
245 00 - TITLE STATEMENT
Title Precast concrete is the dominant form of cladding in Northern Europe
260 ## - PUBLICATION, DISTRIBUTION, ETC.
Date of publication, distribution, etc. 2006
490 #0 - SERIES STATEMENT
Series statement Architects' Journal
Volume/sequential designation 21(223) 1 June 2006, 46-49(4)
520 ## - SUMMARY, ETC.
Summary, etc. Precast concrete panels are the major form of construction used for houses and apartment blocks in Scandinavia, Austria and Germany. Describes two of the most commonly used products,sandwich panel construction and precast light/glass-reinforced concrete, and gives examples of their use in a number of different types of building.
590 ## - LOCAL NOTE (RLIN)
Local note IKA060606
651 #4 - SUBJECT ADDED ENTRY--GEOGRAPHIC NAME
Geographic name FINLAND
651 #4 - SUBJECT ADDED ENTRY--GEOGRAPHIC NAME
Geographic name DENMARK
651 #4 - SUBJECT ADDED ENTRY--GEOGRAPHIC NAME
Geographic name GERMANY
651 #4 - SUBJECT ADDED ENTRY--GEOGRAPHIC NAME
Geographic name AUSTRIA
690 ## - LOCAL SUBJECT ADDED ENTRY--TOPICAL TERM (OCLC, RLIN)
Topical term or geographic name as entry element BUILT ENVIRONMENT-BUILDING ELEMENTS-COMPLETE BUILDING ELEMENTS
942 ## - ADDED ENTRY ELEMENTS (KOHA)
Suppress in OPAC 0
Holdings
Withdrawn status Lost status Source of classification or shelving scheme Damaged status Not for loan Home library Current library Shelving location Date acquired Total Checkouts Full call number Barcode Date last seen Copy number Price effective from Koha item type
    Dewey Decimal Classification     London London Journal article 02/06/2006   L133691 133691-1001 06/08/2019 1 06/08/2019 Journal article